Learning Resource and Development

Philippine regional cuisine / (Record no. 30952)

MARC details
000 -LEADER
fixed length control field 01211nam a2200277 i 4500
003 - CONTROL NUMBER IDENTIFIER
control field CSPC
005 - DATE AND TIME OF LATEST TRANSACTION
control field 20251201112806.0
008 - FIXED-LENGTH DATA ELEMENTS--GENERAL INFORMATION
fixed length control field 251129s2021 ph a b b 001 0 eng d
020 ## - INTERNATIONAL STANDARD BOOK NUMBER
International Standard Book Number 9786218179745
040 ## - CATALOGING SOURCE
Original cataloging agency CSPC
Language of cataloging eng
Transcribing agency CSPC
Description conventions rda
050 00 - LIBRARY OF CONGRESS CALL NUMBER
Classification number TX724.5.P5
082 04 - DEWEY DECIMAL CLASSIFICATION NUMBER
Classification number 641.59599
Item number M481p
100 1# - MAIN ENTRY--PERSONAL NAME
Personal name Melchor, Jose Antonio Miguel R.,
Relator term author.
245 10 - TITLE STATEMENT
Title Philippine regional cuisine /
Statement of responsibility, etc. Jose Antonio Miguel R. Melchor and Angelie Marie L. Vizconde.
264 #1 - PRODUCTION, PUBLICATION, DISTRIBUTION, MANUFACTURE, AND COPYRIGHT NOTICE
Place of production, publication, distribution, manufacture Manila:
Name of producer, publisher, distributor, manufacturer Edric Publishing House,
Date of production, publication, distribution, manufacture, or copyright notice 2021.
300 ## - PHYSICAL DESCRIPTION
Extent 75 pages :
Other physical details illustrations ;
Dimensions 25 cm.
336 ## - CONTENT TYPE
Source rdacontent
Content type term text
337 ## - MEDIA TYPE
Source rdamedia
Media type term unmediated
338 ## - CARRIER TYPE
Source rdacarrier
Carrier type term volume
504 ## - BIBLIOGRAPHY, ETC. NOTE
Bibliography, etc. note Includes bibliographical references
505 0# - FORMATTED CONTENTS NOTE
Formatted contents note Philippine cuisine -- History of the Philippines & its food: a timeline -- Learning goals -- Native ingredients -- Luzon cuisine -- Visayas cuisine -- Mindanao cuisine -- Cooking methods -- Philippine condiments.
650 #0 - SUBJECT ADDED ENTRY--TOPICAL TERM
Topical term or geographic name entry element Cooking, Philippine.
700 1# - ADDED ENTRY--PERSONAL NAME
Personal name Vizconde, Angelie Marie L.,
Relator term author.
942 ## - ADDED ENTRY ELEMENTS (KOHA)
Source of classification or shelving scheme Dewey Decimal Classification
Suppress in OPAC No
Koha item type Books
Classification part 641.59599
Item part M481p
Call number prefix FIL
Call number suffix 2021
Holdings
Withdrawn status Lost status Source of classification or shelving scheme Damaged status Not for loan Home library Current library Shelving location Date acquired Total Checkouts Full call number Barcode Date last seen Date last checked out Copy number Price effective from Koha item type
    Dewey Decimal Classification     Main Library Main Library Filipiniana Section 11/29/2025 1 FIL 641.59599 M481p 2021 030781 03/18/2026 01/13/2026 1-2 11/29/2025 Books
    Dewey Decimal Classification     Main Library Main Library Filipiniana Section 11/29/2025   FIL 641.59599 M481p 2021 030782 11/29/2025   2-2 11/29/2025 Books